| 000 -LEADER | |
|---|---|
| fixed length control field | 00366nam a22001577a 4500 |
| 005 - DATE AND TIME OF LATEST TRANSACTION | |
| control field | 20161022155745.0 |
| 008 - FIXED-LENGTH DATA ELEMENTS--GENERAL INFORMATION | |
| fixed length control field | 161022b xxu||||| |||| 00| 0 eng d |
| 020 ## - INTERNATIONAL STANDARD BOOK NUMBER | |
| ISBN | 81-267-12345-X |
| 041 ## - LANGUAGE CODE | |
| Language code of text/sound track or separate title | eng |
| 100 ## - MAIN ENTRY--AUTHOR NAME | |
| Personal name | BAJPAI,PUNYA PRASUN |
| 245 ## - TITLE STATEMENT | |
| Title | ANCHOR REPORTER |
| 260 ## - PUBLICATION, DISTRIBUTION, ETC. (IMPRINT) | |
| Name of publisher | RAJKAMAL |
| 300 ## - PHYSICAL DESCRIPTION | |
| Number of Pages | 147 |
| 650 ## - SUBJECT ADDED ENTRY--TOPICAL TERM | |
| Topical Term | MASS COM @JOURNLISM |
| 942 ## - ADDED ENTRY ELEMENTS (KOHA) | |
| Koha item type | Books |
| Lost status | Damaged status | Home library | Current library | Shelving location | Date acquired | Source of acquisition | Cost, normal purchase price | Accession Number | Koha item type |
|---|---|---|---|---|---|---|---|---|---|
| JRU Library | SHELF-32-F | 22/10/2016 | Purchase | 250.00 | 21412 | Books | |||
| JRU Library | SHELF-32-I | 22/10/2016 | Purchase | 250.00 | 21413 | Books | |||
| JRU Library | SHELF-32-I | 22/10/2016 | Purchase | 250.00 | 21414 | Books |